[Jay Rock Verse and Ending] Money Trees - Kendrick Lamar Lyrics - Statistics

General Stats
  • This quiz has been taken 157 times
  • The average score is 145 of 295
Answer Stats
Hint Answer % Correct
a
93%
I
93%
x2 the
93%
(The
93%
n***a
91%
x2 you
86%
x2 on
82%
do
81%
do,
81%
x2 to
77%
x2 No
75%
no
75%
x2 get
74%
for
73%
in
72%
In
72%
My
69%
my
69%
x2 then
69%
x2 way!
69%
way
69%
way,
69%
x2 Be
68%
just
67%
Just
67%
pick
67%
Pick
67%
x2 when
66%
your
66%
go
65%
is
64%
I'm
62%
them
62%
Them
62%
and
61%
And
61%
x2 one
61%
x2 of
60%
What
60%
what
60%
x2 last
59%
x2 out
57%
that
55%
money
53%
Money
53%
Thanksgiving
53%
turkey
53%
Every
52%
hustlin'
52%
pockets
52%
x2 this
52%
This
52%
day
51%
Rock
51%
x2 they
51%
Ain't
50%
ain't
50%
up
50%
Lord
49%
tree
49%
forgive
48%
hope
47%
Hope
47%
cocaine
46%
dome'd
45%
homeboy
45%
Imagine
45%
with
45%
him
44%
x2 hoes?
44%
x2 we
44%
bitch
43%
cheese
43%
x2 dough?
43%
from
43%
From
43%
fuck
43%
it
43%
It
43%
thug
43%
don't
42%
else
42%
x2 streets,
42%
streets
42%
x2 Hit
41%
residue
41%
Santa
41%
Claus
40%
tell
40%
me
39%
x2 break
38%
stockings
38%
Where
38%
where
38%
all
37%
pistols
37%
x2 code?
36%
miss
36%
x2 patrol?
36%
time
36%
poppin'
35%
shade
33%
whippin'
33%
Got
32%
got
32%
Pots
32%
how
31%
x2 Love
31%
Bakin'
30%
x2 brakes
30%
see
30%
soda
30%
trees
30%
x2 bucket-headed
29%
ass
28%
Dreams
28%
feel
28%
Halle
28%
Berry
27%
but
27%
daughter
27%
that's
27%
gon'
26%
like
26%
under
26%
eatin'
25%
front
25%
gettin'
25%
If
25%
or
25%
parade,
25%
Gotta
24%
gun
24%
gun,
24%
perfect
24%
place
24%
spillin',
24%
forever
23%
forever)
23%
might
23%
poison,
23%
drum
22%
n****s
22%
bands
21%
been
20%
lives
20%
respect
20%
shooter,
20%
its
19%
provide
19%
Take
19%
truth
19%
boys
18%
doin'
18%
Everybody
18%
shaded
18%
stash
18%
say
17%
YOLA
17%
kick
16%
drugs
15%
FootLocker
15%
work
15%
Liquors
14%
watch
14%
Drop
13%
pussy,
13%
bushes
12%
sellin'
12%
alleyways,
11%
blood
11%
gardens
11%
good
11%
bitches
10%
canals
10%
Dungarees
10%
heater
10%
J's
10%
serpents
10%
steal
10%
lurkin',
9%
promises,
9%
Through
9%
Broken
8%
cut
8%
grass
8%
n'em
8%
govenment?
0%
hallalujah
0%
No matching quizzes found
Score Distribution
Percent of People with Each Score
Percentile by Number Answered
Your Score History
You have not taken this quiz